000
00313nam a2200121 a 4500
005
20141022142007.0
008
100913s19uu xx 00 eng d
050
_a
CD-ROM
_b
P34 2007
100
_a
Passer, Michael
245
_a
In-Psych: to accompany Psychology.
260
_b
Prentice Hall,
_c
2007.
942
_c
AVM
999
_c
276566
_d
276566